000 00354nam a2200145 i 4500
001 bg
100 1 _aSTRASZAK, Kazimierz
245 0 _aRysunek zawodowy i czytanie planów /
_cKazimierz Straszak.
250 _aWyd.3 popr.
260 _aWarszawa,
_c1963.
040 _cBPK
041 _apol
942 _cKS
008 s pl f |000 0 pol
999 _c18178
_d18178
856 _uhttp://koha.tu.koszalin.pl/cgi-bin/koha/opac-detail.pl?biblionumber=18178
_yKatalog online BPK